000 01588nam0a22003611 4500
001 rc\3476564
005 20260407084545.0
010 _bВ пер.
_d95 к.
_91000
021 _aRU
_b[75-11452ж]
035 _a(NLR Aleph) 007599482
090 _a5698436
_c5698436
100 _a20130115d1974 |||y0rusy50 ca
101 0 _arus
102 _aRU
105 _ay z |||||
200 1 _aНаучно-техническая революция и проблемы образования
_e[(сборник статей)
_fред. коллегия: ... А.П. Самович (отв. ред.)]
210 _aНовосибирск
_d1974
215 _a139 с.
_d20
225 1 _aНаучные труды
_fМ-во просвещения РСФСР. Новосиб. гос. пед. ин-т
_vвып. 111
320 _aБиблиогр. в подстроч. примеч.
606 1 _aНаучно-техническая революция
_jСборники
_91187542
_3RU\NLR\AUTH\66478786
606 1 _aНародное образование и научно-техническая революция
_jСборники
_91683854
_3RU\NLR\AUTH\66747866
686 0 _aУ9(2)-55я54
_2rubbk
686 0 _aЧ34(2)7я43
_2rubbk
686 0 _aЧ30в4я43
_2rubbk
702 1 _aСамович
_bА. П.
712 0 2 _4650
_aНовосибирский педагогический институт
_3RU\NLR\AUTH\8812497
_9297763
801 0 _aRU
_bNLR
_gpsbo
801 1 _aRU
_bELAR
_2rusmarc
801 2 _aRU
_bNLR
_c20170417
_2rusmarc
852 _aNLR
_jП28/404 (вып. 111)
942 _cBOOK
980 _aNB